000 00659nam a22002057a 4500
999 _c21166
_d21166
003 AR-CdUCM
008 190227b ||||| |||| 00| 0 spa d
020 _a978-612-46549-2-3
040 _aMUNICIPALIDAD PROVINCIAL DEL CUSCO
_cBIBLIOTECA MUNICIPAL DEL CUSCO
082 _a985.6103 / M22
_bM22
100 _aManya Salas, Juan Jesús
_944227
245 _aTambohuacso, el cacique elegido /
260 _aCusco :
_bREGESA,
_c2017.
300 _a112 páginas ;
_bilustraciones,
_c20 cm.
650 _aBernardo Tambohuacso
_95367
650 _aIndependencia
_9625
710 _aMunicipalidad Distrital de Pisac
_944228
942 _2ddc
_cLIBROS
945 _aRoel